000 00574nam a2200181Ia 4500
008 090124s9999 xx 000 0 und d
082 _b32148
100 _aरांजणकर यशवंत
245 _a कालनिद्रा
250 _a1
260 _b"शांती पब्लिकेशन्स, पुणे"
_c1994
300 _a272
600 _aरांजणकर यशवंत
630 _a कालनिद्रा
700 _aरांजणकर यशवंत
730 _a कालनिद्रा
942 _cBOOK
999 _c98169
_d98169